| 000 | 01198nam a22003497a 4500 | ||
|---|---|---|---|
| 001 | 6245 | ||
| 003 | FISKH | ||
| 005 | 20250404105424.0 | ||
| 008 | 250404b cb ||||| |||| 00| 0 eng d | ||
| 020 | _a0439543452 | ||
| 040 |
_aDLC _cDLC _dDLC _beng |
||
| 050 | _aPZ7.D8694 S | ||
| 082 | _a495 | ||
| 100 | 1 |
_aDuey, Kathleen _d(1950–2020) |
|
| 245 | 1 | 4 |
_aThe silver bracelet / _cby Kathleen Duey ; illustrated by Omar Rayyan. |
| 250 | _aThis edition first published in 2003 | ||
| 260 |
_aNew York : _bScholastic, _c2002 |
||
| 300 |
_a84 pages : _billustrations ; _c20 cm. |
||
| 440 | 0 | _aReady-for-chapters | |
| 490 | 1 |
_aThe unicorn's secret ; _v3 |
|
| 505 | _aN | ||
| 520 | _aStill searching for her true identity and a safe place for her beloved unicorns, Heart joins a group of gypsies and finds that her collection of threads have magically woven themselves into a bracelet. | ||
| 521 | 8 |
_a530
_bLexile |
|
| 521 | 8 |
_aN
_bRaz-Plus |
|
| 650 | 1 |
_aFoundlings _vFiction. |
|
| 650 | 1 |
_aUnicorns _vFiction. |
|
| 650 | 1 |
_aRomanies _vFiction. |
|
| 700 | 1 |
_aRayyan, Omar _eillustrator |
|
| 906 |
_a7 _bcbc _corignew _d2 _eepcn _f20 _gy-gencatlg |
||
| 942 |
_2ddc _cBK _n0 |
||
| 999 |
_c6245 _d6245 |
||